000 00630nam a2200217 u 4500
001 000002498
003 DO-SdBNP
005 20230303100922.0
007 ta
008 090702s2008 dr ac r 000 0 spa d
020 _a9879945140262
040 _aDO-SdBNP
_bspa
_cBNPHU
082 4 _222
_bG974r
100 1 _aDíaz, Gumersindo
_97865
245 1 0 _aRemanso místico :
_bcápsulas de reflexión /
_cP. Gumersindo Díaz sdb.
260 _aSanto Domingo :
_bCorripio,
_c2008.
300 _aiv, 188 p. :
_bilustraciones y retratos ;
_c28 cm.
500 _aIncluye índice
590 _aInventariado, 2021 /LP
942 _2ddc
_cLBS1
999 _c2334
_d2334